[Event "50smm A Deutschnofen-Ehrenburg"]
[Site "?"]
[Date "2018.11.24"]
[Round "2.6"]
[White "Welsch, Ulrich"]
[Black "Mitterhofer, Martin"]
[Result "1/2-1/2"]
[WhiteElo "1736"]
[BlackElo "1568"]
[PlyCount "72"]
[EventDate "2018.11.24"]
[SourceDate "2018.11.11"]

1. d4 Nf6 2. c4 e6 3. Nf3 d5 4. g3 Be7 5. Bg2 O-O 6. O-O Nbd7 7. Nbd2 c6 8. Qc2
b6 9. e4 Nxe4 10. Nxe4 dxe4 11. Qxe4 Bb7 12. Rd1 Nf6 13. Qe2 Qc7 14. Bf4 Bd6
15. Ne5 Nd7 16. Rac1 Nxe5 17. dxe5 Be7 18. Qg4 Rfd8 19. h4 c5 20. h5 Rxd1+ 21.
Rxd1 Bxg2 22. Kxg2 Rd8 23. Rxd8+ Qxd8 24. Bh6 Bf8 25. Bxg7 Bxg7 26. h6 Qf8 27.
a3 Kh8 28. hxg7+ Qxg7 29. Qe4 Qg6 30. Qf4 Kg7 31. b4 Qd3 32. bxc5 bxc5 33. a4
a5 34. Kh3 Qc2 35. Qf6+ Kg8 36. Qd8+ Kg7 1/2-1/2

[Event "50smm A Richter/Lask-Klausen"]
[Site "?"]
[Date "2018.11.24"]
[Round "2.1"]
[White "Schacher, Gerd"]
[Black "De Eccher, Stefano"]
[Result "1/2-1/2"]
[WhiteElo "227"]
[BlackElo "2197"]
[PlyCount "58"]
[EventDate "2018.11.24"]
[SourceDate "2018.11.11"]

1. c4 e5 2. Nc3 Nf6 3. Nf3 Nc6 4. g3 Bb4 5. Bg2 O-O 6. O-O e4 7. Ng5 Bxc3 8.
bxc3 Re8 9. f3 e3 10. d3 d5 11. Qb3 Na5 12. Qa3 c6 13. cxd5 cxd5 14. f4 Bg4 15.
Re1 h6 16. Nf3 Nc6 17. Bb2 Qd7 18. Rab1 Rad8 19. Ne5 Nxe5 20. fxe5 Rxe5 21. c4
Rf5 22. Qxa7 d4 23. Qxb7 Qd6 24. Ba1 Rf2 25. Rb6 Qe5 26. Rb5 Qe6 27. Rb6 Qf5
28. Rb5 Qe6 29. Rb6 Rxg2+ 1/2-1/2

[Event "50smm A Richter/Lask-Klausen"]
[Site "?"]
[Date "2018.11.24"]
[Round "2.2"]
[White "Moncher, Stefano"]
[Black "Teutsch, Alexander"]
[Result "0-1"]
[WhiteElo "2193"]
[BlackElo "2049"]
[PlyCount "61"]
[EventDate "2018.11.24"]
[SourceDate "2018.11.11"]

1. f4 d5 2. Nf3 g6 3. g3 Bg7 4. Bg2 Nf6 5. O-O O-O 6. d3 c5 7. Nc3 d4 8. Ne4
Nxe4 9. dxe4 Nc6 10. e3 Bg4 11. h3 Bxf3 12. Qxf3 Qb6 13. e5 c4 14. Qf2 d3 15.
cxd3 cxd3 16. Bd2 Qxb2 17. Rfb1 Qc2 18. Rxb7 Rab8 19. Rxb8 Rxb8 20. Rc1 Rb1 21.
Qe1 Rxc1 22. Qxc1 Nb4 23. a3 Na2 24. Qe1 e6 25. Ba5 Bf8 26. Qd2 Nc1 27. Bf3 Nb3
28. Qc3 Bc5 29. h4 Bxe3+ 30. Kh1 Qf2 31. Qe1 0-1

[Event "50smm A Richter/Lask-Klausen"]
[Site "?"]
[Date "2018.11.24"]
[Round "2.3"]
[White "Seebacher, Michael"]
[Black "Voltolini, Giuseppe"]
[Result "0-1"]
[WhiteElo "1978"]
[BlackElo "2099"]
[PlyCount "82"]
[EventDate "2018.11.24"]
[SourceDate "2018.11.11"]

1. d4 c5 2. dxc5 Qa5+ 3. Nc3 Qxc5 4. e4 d6 5. Be3 Qa5 6. Qd2 Nf6 7. f3 a6 8. g4
h6 9. Nge2 Nc6 10. O-O-O b5 11. Kb1 e6 12. Nd4 Bd7 13. Nxc6 Bxc6 14. Bg2 Nd7
15. f4 Qc7 16. Rhe1 b4 17. Nd5 Qb7 18. Nxb4 Rb8 19. Nd3 Nf6 20. Bd4 Nxg4 21.
Bc3 Nf6 22. e5 Bxg2 23. exf6 g6 24. f5 gxf5 25. Nf4 Be4 26. Nxe6 fxe6 27. f7+
Kxf7 28. Bxh8 e5 29. b3 a5 30. Re3 Be7 31. Bg7 Kxg7 32. Rg3+ Kh7 33. Rdg1 Bf8
34. Qxa5 Rc8 35. Rc3 Be7 36. Rgg3 Bd8 37. Qa3 f4 38. Rh3 Be7 39. Qa5 f3 40.
Rxc8 Qxc8 41. Qe1 Bxc2+ 0-1

[Event "50smm A Richter/Lask-Klausen"]
[Site "?"]
[Date "2018.11.24"]
[Round "2.4"]
[White "Bevilacqua, Maurizio"]
[Black "Seebacher, Reinhard"]
[Result "0-1"]
[WhiteElo "2060"]
[BlackElo "1927"]
[PlyCount "73"]
[EventDate "2018.11.24"]
[SourceDate "2018.11.11"]

1. c4 c6 2. Nf3 d5 3. e3 Nf6 4. Qc2 g6 5. b3 Bg7 6. Bb2 O-O 7. Be2 Bg4 8. h3
Bxf3 9. Bxf3 Re8 10. d3 e5 11. Nd2 d4 12. O-O dxe3 13. fxe3 Na6 14. d4 exd4 15.
exd4 Qd6 16. a3 Rad8 17. Rad1 Qg3 18. Rf2 Qh4 19. Nf1 Nc7 20. Kh2 Qf4+ 21. g3
Qd6 22. Kg2 Qe7 23. Re2 Qd7 24. Qd2 Rxe2+ 25. Qxe2 Re8 26. Qd3 Ne6 27. h4 h5
28. Ne3 Ng4 29. Nc2 c5 30. Bd5 Nxd4 31. Bxd4 cxd4 32. Rf1 Re7 33. Kg1 Kh7 34.
Rf4 f5 35. Nxd4 Re3 36. Qc2 Rxg3+ 37. Kh1 0-1

[Event "50smm A Richter/Lask-Klausen"]
[Site "?"]
[Date "2018.11.24"]
[Round "2.5"]
[White "Schrott, Ernst"]
[Black "Billio, Atto"]
[Result "0-1"]
[WhiteElo "1883"]
[BlackElo "2027"]
[PlyCount "36"]
[EventDate "2018.11.24"]
[SourceDate "2018.11.11"]

1. e4 c5 2. Nf3 e6 3. Nc3 a6 4. d4 cxd4 5. Nxd4 Qc7 6. Be3 Bb4 7. Qd2 Nf6 8.
Bd3 d5 9. f3 dxe4 10. fxe4 b5 11. a4 Bxc3 12. bxc3 bxa4 13. Rxa4 Nbd7 14. Rc4
Qa5 15. O-O Ne5 16. Rb4 O-O 17. Bg5 Nfd7 18. Qf2 Nxd3 0-1

[Event "50smm A Richter/Lask-Klausen"]
[Site "?"]
[Date "2018.11.24"]
[Round "2.6"]
[White "De Vita, Gianni"]
[Black "Schrott, Johann"]
[Result "1-0"]
[WhiteElo "1998"]
[BlackElo "1824"]
[PlyCount "55"]
[EventDate "2018.11.24"]
[SourceDate "2018.11.11"]

1. e4 c5 2. Nf3 Nc6 3. c3 d5 4. exd5 Qxd5 5. d4 Bg4 6. Be2 cxd4 7. cxd4 e6 8.
O-O Bd6 9. Nc3 Qa5 10. h3 Bh5 11. Be3 Nge7 12. a3 O-O 13. b4 Qd8 14. Ne4 Bc7
15. b5 Na5 16. Ne5 Bxe2 17. Qxe2 Nf5 18. Rfd1 Nb3 19. Rab1 Nbxd4 20. Bxd4 Nxd4
21. Qh5 g6 22. Qh6 Nf5 23. Qc1 Qh4 24. Qxc7 Qxe4 25. Nd7 Qh4 26. Nxf8 Rxf8 27.
Qxb7 Qa4 28. Qa6 1-0

[Event "50smm B Naturns-Kaltern/Tramin2"]
[Site "?"]
[Date "2018.11.24"]
[Round "2.1"]
[White "Comai, Samuele"]
[Black "La Manna, Andrea"]
[Result "1/2-1/2"]
[WhiteElo "1854"]
[BlackElo "2151"]
[PlyCount "71"]
[EventDate "2018.11.24"]
[SourceDate "2018.11.11"]

1. d4 g6 2. c4 Bg7 3. Nc3 Nf6 4. e4 d6 5. Nf3 O-O 6. h3 e5 7. d5 a5 8. Be3 Na6
9. g4 Nc5 10. Nd2 Qe8 11. Be2 Nfd7 12. Qc2 Nb6 13. O-O-O c6 14. Nb3 cxd5 15.
cxd5 Nca4 16. Nxa4 Nxa4 17. Qd2 b6 18. Kb1 f5 19. gxf5 gxf5 20. Bh6 f4 21. Rhg1
Ra7 22. Bg4 Bxg4 23. Rxg4 Qh5 24. Bxg7 Rxg7 25. Rdg1 Rxg4 26. Rxg4+ Kh8 27. Qd3
Nc5 28. Nxc5 bxc5 29. Qf3 Qe8 30. h4 Qb5 31. Rg1 Rb8 32. b3 a4 33. Qg2 Qd3+ 34.
Ka1 Qc3+ 35. Kb1 Qd3+ 36. Ka1 1/2-1/2

[Event "50smm B Naturns2-Groeden2"]
[Site "?"]
[Date "2018.11.24"]
[Round "2.2"]
[White "Zoeschg, Herbert"]
[Black "Grossrubatscher, Johann"]
[Result "1/2-1/2"]
[WhiteElo "1592"]
[BlackElo "1541"]
[PlyCount "41"]
[EventDate "2018.11.24"]
[SourceDate "2018.11.11"]

1. d4 d5 2. Bf4 Nf6 3. e3 Bf5 4. Bd3 Bg4 5. Be2 Bf5 6. Nd2 e6 7. h3 c5 8. c3
Nc6 9. Ngf3 Be7 10. Bb5 O-O 11. dxc5 Bxc5 12. Nb3 Qb6 13. Bxc6 bxc6 14. O-O
Rfe8 15. Nxc5 Qxc5 16. Qa4 Bd3 17. Rfe1 Nd7 18. Ne5 Nxe5 19. Bxe5 f6 20. Qd4
Qxd4 21. Bxd4 1/2-1/2

[Event "50smm B Ridnaun-Wipptal"]
[Site "?"]
[Date "2018.11.24"]
[Round "2.1"]
[White "De Bettin, Sergio"]
[Black "Aigner, Helmut"]
[Result "0-1"]
[WhiteElo "1764"]
[BlackElo "1866"]
[PlyCount "74"]
[EventDate "2018.11.24"]
[SourceDate "2018.11.11"]

1. e4 e5 2. Nf3 Nc6 3. Bb5 a6 4. Bxc6 dxc6 5. h3 Be6 6. d4 exd4 7. Qxd4 Nf6 8.
e5 Nd5 9. a3 Be7 10. c4 Nb6 11. b3 O-O 12. Bb2 c5 13. Qxd8 Raxd8 14. Nbd2 Rd3
15. Rc1 Rfd8 16. Rc3 R3d7 17. Re3 Bg5 18. Re2 Bf4 19. g3 Bh6 20. g4 Bf4 21. Kd1
Nxc4 22. bxc4 Bxc4 23. Rhe1 Bxe2+ 24. Rxe2 Rd3 25. Kc2 b5 26. Bc1 c4 27. h4 c3
28. Ne4 Rxf3 29. Bxf4 Rxf4 30. Nxc3 Rxg4 31. e6 fxe6 32. Rxe6 Rd6 33. Re7 Rc6
34. Kb3 Rxh4 35. Nd5 Rh3+ 36. Kb2 Rd6 37. Nxc7 Rd2+ 0-1

[Event "50smm A Groeden-Deutschnofen"]
[Site "?"]
[Date "2018.12.01"]
[Round "3.1"]
[White "Manca, Federico"]
[Black "Bonagura, Stefano"]
[Result "1-0"]
[WhiteElo "2407"]
[BlackElo "2213"]
[PlyCount "123"]
[EventDate "2018.12.01"]
[SourceDate "2018.11.11"]

1. e4 e5 2. Nf3 Nc6 3. Bb5 a6 4. Ba4 Nf6 5. O-O b5 6. Bb3 Be7 7. Re1 d6 8. c3
O-O 9. d4 Bg4 10. d5 Na5 11. Bc2 Qc8 12. h3 Bd7 13. Nbd2 c6 14. dxc6 Qxc6 15.
Nf1 Nc4 16. Ng3 Rfe8 17. a4 Qc7 18. b3 Na5 19. axb5 axb5 20. Bd2 Rab8 21. Bd3
Be6 22. Rb1 Nd7 23. Bf1 Nc6 24. Ng5 Bxg5 25. Bxg5 b4 26. cxb4 Rxb4 27. Bd2 Rbb8
28. Bc3 Nf6 29. b4 d5 30. b5 d4 31. Rc1 dxc3 32. Rxc3 Rb6 33. Qa1 Bd7 34. Rec1
Qb7 35. bxc6 Bxc6 36. Ra3 Qd7 37. Ra7 Rb7 38. Ra6 Bb5 39. Rd1 Qc7 40. Bxb5 Rxb5
41. Rad6 Rb6 42. R6d3 Rc6 43. Nf5 g6 44. Nd6 Re6 45. Qa8+ Kg7 46. Nf5+ gxf5 47.
Rg3+ Ng4 48. exf5 Rc1 49. Rxg4+ Rg6 50. Qf3 Rxd1+ 51. Qxd1 Rxg4 52. hxg4 Qc4
53. g3 Qe4 54. f3 Qe3+ 55. Kg2 Qc3 56. Qe2 Qd4 57. g5 f6 58. gxf6+ Kxf6 59. Qa2
Qd7 60. g4 Kg5 61. Kg3 Qc7 62. Qd2+ 1-0

[Event "50smm A Groeden-Deutschnofen"]
[Site "?"]
[Date "2018.12.01"]
[Round "3.2"]
[White "Moroder, Stefan"]
[Black "Dappiano, Andrea"]
[Result "0-1"]
[WhiteElo "2149"]
[BlackElo "2274"]
[PlyCount "98"]
[EventDate "2018.12.01"]
[SourceDate "2018.11.11"]

1. e4 e6 2. d4 d5 3. Nc3 Nf6 4. e5 Nfd7 5. f4 c5 6. Nf3 Nc6 7. Be3 a6 8. Qd2 b5
9. h4 Bb7 10. dxc5 Nxc5 11. a3 Be7 12. Rd1 Qc7 13. Nd4 Nxd4 14. Bxd4 O-O 15.
Be2 f6 16. O-O Nd7 17. Qe3 fxe5 18. fxe5 Bc5 19. Bg4 Rxf1+ 20. Rxf1 Re8 21. Ne2
Bc8 22. Bxc5 Nxc5 23. Nd4 Qe7 24. Qf4 Bd7 25. c3 Nd3 26. Qg3 Nxb2 27. h5 h6 28.
Bh3 Nc4 29. Rf6 Kh8 30. Rg6 Qf7 31. Kh2 Nd2 32. Qe1 Ne4 33. Qe3 Ng5 34. Ne2
Nxh3 35. Qxh3 Qf2 36. Qg4 Qe3 37. Nf4 Qxe5 38. g3 Qxc3 39. Kh3 Re7 40. Rxh6+
Kg8 41. Ng6 gxh6 42. Nxe7+ Kf7 43. Ng6 Qf6 44. Qb4 Qf1+ 45. Kh2 Qf2+ 46. Kh1
Qf3+ 47. Kg1 Qxg3+ 48. Kf1 Qf3+ 49. Kg1 Qxh5 0-1

[Event "50smm A Groeden-Deutschnofen"]
[Site "?"]
[Date "2018.12.01"]
[Round "3.3"]
[White "Micheli, Carlo"]
[Black "Bernardi, Ruben"]
[Result "1-0"]
[WhiteElo "2218"]
[BlackElo "2154"]
[PlyCount "83"]
[EventDate "2018.12.01"]
[SourceDate "2018.11.11"]

1. c4 e5 2. Nc3 Bb4 3. g3 Nf6 4. e4 O-O 5. Nge2 Re8 6. Bg2 h6 7. O-O Nc6 8. d3
a5 9. h3 d6 10. Na4 Bc5 11. Nxc5 dxc5 12. Be3 Nd4 13. Nc3 c6 14. f4 Qe7 15. f5
Nh7 16. g4 f6 17. h4 Rf8 18. Rf2 b6 19. b3 Ra7 20. Rb1 Bd7 21. a3 Be8 22. Rfb2
Rd7 23. b4 axb4 24. axb4 Bf7 25. Na4 cxb4 26. Rxb4 Rfd8 27. Nxb6 Rc7 28. Na4
Be8 29. c5 Nb5 30. Bf1 Rcd7 31. Qc1 Nd4 32. Nb6 Ra7 33. Kf2 Ra5 34. Nc4 Rxc5
35. Rb7 Qf8 36. g5 fxg5 37. hxg5 hxg5 38. Bxg5 Nxf5 39. Bxd8 Nd4+ 40. Kg1 Bh5
41. Qe3 Ne6 42. Be7 1-0

[Event "50smm A Groeden-Deutschnofen"]
[Site "?"]
[Date "2018.12.01"]
[Round "3.4"]
[White "Demetz, Rainer"]
[Black "Thurner, Markus"]
[Result "1-0"]
[WhiteElo "2177"]
[BlackElo "1913"]
[PlyCount "75"]
[EventDate "2018.12.01"]
[SourceDate "2018.11.11"]

1. e4 e6 2. d4 d5 3. Nc3 Nf6 4. Bg5 Be7 5. e5 Nfd7 6. Bxe7 Qxe7 7. f4 a6 8. Nf3
c5 9. Qd2 Nc6 10. dxc5 Nxc5 11. Bd3 Bd7 12. O-O Nxd3 13. Qxd3 Qc5+ 14. Kh1 Nb4
15. Qd4 b6 16. Rf2 Rc8 17. Rd1 O-O 18. Kg1 Rc7 19. Qd2 Qc4 20. Qe3 Nxa2 21. Rd4
Qc5 22. Nxa2 Rfc8 23. c3 Qa5 24. Nb4 Bb5 25. h3 Bc4 26. Nd2 Qa1+ 27. Kh2 a5 28.
Nd3 Bxd3 29. Rxd3 Qxb2 30. Ne4 Qb1 31. Nd6 Ra8 32. f5 exf5 33. Nxf5 h6 34. e6
fxe6 35. Qxe6+ Kh7 36. Rg3 Qe4 37. Rxg7+ Rxg7 38. Qxh6+ 1-0

[Event "50smm A Groeden-Deutschnofen"]
[Site "?"]
[Date "2018.12.01"]
[Round "3.5"]
[White "Hofer, Alois"]
[Black "Moroder, Thomas"]
[Result "0-1"]
[WhiteElo "1695"]
[BlackElo "1993"]
[PlyCount "92"]
[EventDate "2018.12.01"]
[SourceDate "2018.11.11"]

1. c4 e5 2. Nc3 Nc6 3. g3 Nf6 4. Bg2 Bc5 5. e3 O-O 6. Nge2 Re8 7. O-O e4 8. d4
exd3 9. Qxd3 d6 10. b3 Bg4 11. h3 Ne5 12. Qc2 Bf3 13. Bb2 Qd7 14. Bxf3 Nxf3+
15. Kg2 Qc6 16. e4 Nxe4 17. Nd5 Ned2 18. Nef4 Nxf1 19. Kxf3 Ne3 20. fxe3 Rxe3+
21. Kg2 Rae8 22. Kh2 Rf3 23. Nd3 Qd7 24. Nxc5 dxc5 25. Rg1 c6 26. Nf4 f6 27.
Rg2 Rfe3 28. Rd2 Qe7 29. Qf5 Rd8 30. Rf2 Re1 31. h4 Rdd1 32. Kh3 b6 33. Qc8+
Qe8 34. Qxe8+ Rxe8 35. Kg4 Kf7 36. Kf3 Rde1 37. Ne2 g6 38. a3 f5 39. Bc3 Rb1
40. b4 Rb3 41. bxc5 bxc5 42. Kf4 Re4+ 43. Kg5 Rxc4 44. Be5 Re4 45. Nc1 Rb1 46.
Bf4 Kg7 0-1

[Event "50smm A Groeden-Deutschnofen"]
[Site "?"]
[Date "2018.12.01"]
[Round "3.6"]
[White "Grossi, Christian"]
[Black "Gibitz, Othmar"]
[Result "1-0"]
[WhiteElo "1845"]
[BlackElo "1663"]
[PlyCount "113"]
[EventDate "2018.12.01"]
[SourceDate "2018.11.11"]

1. d4 d5 2. c4 e6 3. Nf3 Nf6 4. Nc3 Be7 5. Bf4 c6 6. e3 Nh5 7. Bg3 Nxg3 8. hxg3
Nd7 9. Qc2 h6 10. Bd3 Nf6 11. c5 Ng4 12. b4 f5 13. a4 Bd7 14. Qe2 g6 15. Nh4
Bxh4 16. gxh4 h5 17. f3 Nf6 18. e4 Kf7 19. e5 Ne8 20. Qd2 Kg7 21. g3 a6 22. a5
Nc7 23. Ne2 Qe7 24. Nf4 Rh6 25. O-O-O Rf8 26. Rdg1 Be8 27. Nh3 Rfh8 28. Ng5 Bf7
29. Qf2 Be8 30. Kb2 Rf8 31. Rg2 Bd7 32. Qe1 Be8 33. Qd2 Rfh8 34. Rgh2 Bf7 35.
Qe2 Be8 36. g4 hxg4 37. fxg4 Bf7 38. gxf5 gxf5 39. Qe3 Kf8 40. Be2 Bh5 41. Bxh5
Rxh5 42. Qf4 Ke8 43. Rg2 Kd7 44. Nf3 R8h7 45. Rg6 Rg7 46. Rhg1 Rxg6 47. Rxg6
Qf7 48. Rf6 Qg8 49. Ng5 Qh8 50. Rf7+ Kc8 51. Nf3 Qg8 52. Rf6 Ne8 53. Ng5 Nxf6
54. exf6 Rh8 55. Qd6 Rxh4 56. f7 Rh2+ 57. Qxh2 1-0

[Event "50smm A Kaltern/Tramin-Arci"]
[Site "?"]
[Date "2018.12.01"]
[Round "3.2"]
[White "Bertagnolli, Alexander"]
[Black "Perino, Alberto"]
[Result "1-0"]
[WhiteElo "2365"]
[BlackElo "1833"]
[PlyCount "115"]
[EventDate "2018.12.01"]
[SourceDate "2018.11.11"]

1. e4 d6 2. d4 Nf6 3. f3 e5 4. Be3 exd4 5. Qxd4 Be7 6. Nc3 O-O 7. Qd2 a6 8. a4
b6 9. Nge2 Re8 10. Nf4 c6 11. Be2 Bb7 12. O-O Nbd7 13. g4 Nf8 14. Rad1 b5 15.
g5 N6d7 16. Nh5 b4 17. Na2 d5 18. Nxb4 Bc5 19. Rf2 Ne6 20. Bxc5 Ndxc5 21. Rg2
Qb6 22. a5 Qxa5 23. exd5 Qb6 24. Kh1 cxd5 25. Nxd5 Bxd5 26. Qxd5 Rad8 27. Qe5
Rxd1+ 28. Bxd1 Nd7 29. Qc3 g6 30. Ng3 Nf4 31. Ne4 Nxg2 32. Kxg2 Rb8 33. b3 Qe6
34. Qc7 Kg7 35. Be2 h6 36. Bc4 Qe7 37. Nf6 hxg5 38. Nxd7 Re8 39. Bxa6 Qe1 40.
Qd6 Qc3 41. Qd3 Qa1 42. Nc5 Re1 43. Qd2 Rg1+ 44. Kf2 Rh1 45. Ke3 Qe5+ 46. Ne4
Qf4+ 47. Kd4 Qxf3 48. Qxg5 Qd1+ 49. Bd3 Qa1+ 50. Nc3 Re1 51. b4 Re6 52. b5 Qb2
53. Kc4 Qa1 54. Kb3 Qa5 55. Bc4 Ra6 56. Qe5+ Kh7 57. Qe7 Ra7 58. Qf8 1-0

[Event "50smm A Kaltern/Tramin-Arci"]
[Site "?"]
[Date "2018.12.01"]
[Round "3.3"]
[White "De Nisi, Roberta"]
[Black "Zucchelli, Massimo"]
[Result "0-1"]
[WhiteElo "1797"]
[BlackElo "2152"]
[PlyCount "56"]
[EventDate "2018.12.01"]
[SourceDate "2018.11.11"]

1. d4 d5 2. c4 e6 3. Nc3 Be7 4. Nf3 Nf6 5. cxd5 exd5 6. Bg5 c6 7. e3 Bf5 8. Bd3
Bxd3 9. Qxd3 Nbd7 10. O-O O-O 11. Rab1 a5 12. a3 Ne4 13. Bxe7 Qxe7 14. Nd2 Nxd2
15. Qxd2 Rfe8 16. Rfe1 f5 17. b4 axb4 18. axb4 b5 19. Qb2 Nb6 20. Ra1 Nc4 21.
Qb3 Rxa1 22. Rxa1 f4 23. e4 dxe4 24. d5 e3 25. dxc6 exf2+ 26. Kxf2 Qe3+ 27. Kf1
Kf8 28. Qc2 Nd2+ 0-1

[Event "50smm A Kaltern/Tramin-Arci"]
[Site "?"]
[Date "2018.12.01"]
[Round "3.4"]
[White "Panjkovic, Aleksandar"]
[Black "Rinaldo, Gaetano"]
[Result "1-0"]
[WhiteElo "2064"]
[BlackElo "1730"]
[PlyCount "73"]
[EventDate "2018.12.01"]
[SourceDate "2018.11.11"]

1. Nf3 d6 2. d3 Nf6 3. e4 Nbd7 4. Be2 g6 5. O-O Bg7 6. c3 c5 7. a4 O-O 8. Na3
b6 9. Re1 Bb7 10. Bf1 Ng4 11. Nc4 h6 12. Bf4 Nge5 13. Nfxe5 Nxe5 14. Ne3 e6 15.
Qb3 Qe7 16. a5 Rfb8 17. a6 Bc6 18. d4 cxd4 19. cxd4 Nd7 20. Qb4 e5 21. Bg3 exd4
22. Bxd6 Qxe4 23. Nc4 Qd5 24. Bxb8 Rxb8 25. Qd6 Rc8 26. Re7 Qf5 27. Qg3 Bf8 28.
Nd6 Qf6 29. Nxc8 Bxe7 30. Nxa7 Ba8 31. Nb5 Bc5 32. Re1 Kg7 33. Bd3 Qc6 34. Nc7
Bd6 35. Ne8+ Kh8 36. Nxd6 Nc5 37. Nxf7+ 1-0

[Event "50smm A Kaltern/Tramin-Arci"]
[Site "?"]
[Date "2018.12.01"]
[Round "3.5"]
[White "D'Ambrosio, Luca"]
[Black "Comai, Samuele"]
[Result "0-1"]
[WhiteElo "1779"]
[BlackElo "1854"]
[PlyCount "90"]
[EventDate "2018.12.01"]
[SourceDate "2018.11.11"]

1. d4 Nf6 2. Nf3 d5 3. c4 e6 4. Bg5 Bb4+ 5. Nc3 h6 6. Bd2 dxc4 7. Qa4+ Nc6 8.
e3 Bd7 9. Qc2 Bxc3 10. Bxc3 b5 11. Be2 O-O 12. a4 a6 13. O-O Nd5 14. axb5 axb5
15. b3 b4 16. Rxa8 Qxa8 17. Ra1 Qb7 18. Be1 c3 19. Qa2 Nb6 20. Qa6 Qxa6 21.
Rxa6 Ra8 22. Rxa8+ Nxa8 23. Bd3 f6 24. Kf1 Na5 25. Bc2 Bb5+ 26. Kg1 Nb6 27. Nh4
g5 28. Nf3 g4 29. Nh4 Bc6 30. e4 Bd7 31. f3 Nc6 32. Bf2 e5 33. dxe5 fxe5 34.
fxg4 Bxg4 35. Nf3 Nd7 36. Be3 Kh7 37. Kf2 Be6 38. Ne1 Nd4 39. Bxd4 exd4 40. Nd3
c5 41. Ke1 Kg7 42. Kf2 Kf6 43. Kg3 Ne5 44. Nxc5 d3 45. Nxd3 Nxd3 0-1

[Event "50smm A Kaltern/Tramin-Arci"]
[Site "?"]
[Date "2018.12.01"]
[Round "3.6"]
[White "Thaler, Elmar"]
[Black "Gasparro, Antonio"]
[Result "1/2-1/2"]
[WhiteElo "1738"]
[BlackElo "1434"]
[PlyCount "52"]
[EventDate "2018.12.01"]
[SourceDate "2018.11.11"]

1. d4 Nf6 2. c4 g6 3. Nc3 d5 4. cxd5 Nxd5 5. e4 Nxc3 6. bxc3 c5 7. Nf3 Bg7 8.
Bb5+ Bd7 9. Bxd7+ Qxd7 10. O-O O-O 11. Be3 cxd4 12. cxd4 Nc6 13. Rb1 Rfd8 14.
Qb3 b6 15. Rfd1 Qb7 16. Ng5 e6 17. d5 exd5 18. exd5 Na5 19. Qb5 Qd7 20. Qxd7
Rxd7 21. Rbc1 Rad8 22. g3 h6 23. Nf3 Rxd5 24. Rxd5 Rxd5 25. Rc8+ Kh7 26. Rc7
Kg8 1/2-1/2

[Event "50smm A Klausen-Brixen/Milland"]
[Site "?"]
[Date "2018.12.01"]
[Round "3.1"]
[White "Sader, Michael"]
[Black "Schacher, Gerd"]
[Result "1/2-1/2"]
[WhiteElo "2142"]
[BlackElo "2277"]
[PlyCount "28"]
[EventDate "2018.12.01"]
[SourceDate "2018.11.11"]

1. Nf3 f5 2. g3 Nf6 3. Bg2 g6 4. O-O Bg7 5. d3 d6 6. c4 c5 7. Nc3 Nc6 8. Rb1
O-O 9. a3 a5 10. Ne1 h6 11. Nc2 Nh5 12. Nd5 e6 13. Nf4 Nxf4 14. Bxf4 g5 1/2-1/2

[Event "50smm A Klausen-Brixen/Milland"]
[Site "?"]
[Date "2018.12.01"]
[Round "3.2"]
[White "Teutsch, Alexander"]
[Black "Brenninger, Daniel"]
[Result "1/2-1/2"]
[WhiteElo "2049"]
[BlackElo "2068"]
[PlyCount "47"]
[EventDate "2018.12.01"]
[SourceDate "2018.11.11"]

1. d4 d5 2. c4 e6 3. Nc3 Nf6 4. Bg5 Be7 5. cxd5 exd5 6. e3 O-O 7. Qc2 h6 8. Bh4
a5 9. Bd3 Na6 10. a3 c5 11. Nf3 Be6 12. Bxf6 Bxf6 13. Bxa6 Rxa6 14. dxc5 Qe7
15. Nb5 Rc8 16. Rc1 Bd7 17. Nbd4 b6 18. Qe2 Rxc5 19. Rxc5 Qxc5 20. Qxa6 Qc1+
21. Ke2 Qxh1 22. Qa8+ Kh7 23. Qxd5 Bc8 24. Qc4 1/2-1/2

[Event "50smm A Klausen-Brixen/Milland"]
[Site "?"]
[Date "2018.12.01"]
[Round "3.3"]
[White "Kofler, Thomas"]
[Black "Seebacher, Michael"]
[Result "1/2-1/2"]
[WhiteElo "1943"]
[BlackElo "1978"]
[PlyCount "71"]
[EventDate "2018.12.01"]
[SourceDate "2018.11.11"]

1. c4 e5 2. g3 Nc6 3. Bg2 f5 4. d3 Nf6 5. Nc3 Bb4 6. Bd2 d6 7. Nd5 Bxd2+ 8.
Qxd2 O-O 9. e3 Nxd5 10. Bxd5+ Kh8 11. h4 f4 12. O-O-O a5 13. Be4 d5 14. cxd5
Nb4 15. Kb1 Nxd5 16. gxf4 exf4 17. Nh3 Bxh3 18. Rxh3 Qd7 19. Rf3 fxe3 20. fxe3
Rxf3 21. Bxf3 Rf8 22. Bxd5 Qxd5 23. e4 Qh5 24. Rg1 h6 25. Qc3 Rf7 26. e5 Qxh4
27. Qxa5 Qd4 28. Rd1 Re7 29. Qa8+ Kh7 30. Qxb7 Qxe5 31. Qf3 h5 32. Rh1 g6 33.
a4 Qa5 34. Qf6 Re1+ 35. Rxe1 Qxe1+ 36. Kc2 1/2-1/2

[Event "50smm A Klausen-Brixen/Milland"]
[Site "?"]
[Date "2018.12.01"]
[Round "3.4"]
[White "Seebacher, Reinhard"]
[Black "Wisthaler, Lukas"]
[Result "1/2-1/2"]
[WhiteElo "1927"]
[BlackElo "1846"]
[PlyCount "76"]
[EventDate "2018.12.01"]
[SourceDate "2018.11.11"]

1. Nf3 d5 2. g3 c5 3. Bg2 Nc6 4. d4 cxd4 5. Nxd4 Nf6 6. O-O Qb6 7. Nxc6 bxc6 8.
c4 e6 9. Nc3 Be7 10. cxd5 cxd5 11. e4 dxe4 12. Nxe4 Nd5 13. Nc3 O-O 14. Nxd5
exd5 15. Qxd5 Ba6 16. Re1 Bb4 17. Be3 Qf6 18. Rec1 Rad8 19. Qb3 Qe7 20. Bxa7
Bd2 21. Bc5 Qg5 22. Bxf8 Bxc1 23. Be7 Qd2 24. h4 Rc8 25. Bb4 Qxb2 26. Qxb2 Bxb2
27. Rb1 Rc2 28. Bc3 Rxc3 29. Rxb2 g6 30. Bd5 Rd3 31. Rb8+ Kg7 32. Bb3 Rc3 33.
Rd8 Rc1+ 34. Rd1 Rc7 35. Kh2 Be2 36. Re1 Bf3 37. Bd1 Bxd1 38. Rxd1 Rc2 1/2-1/2

[Event "50smm A Klausen-Brixen/Milland"]
[Site "?"]
[Date "2018.12.01"]
[Round "3.5"]
[White "Hellweg, Stephan"]
[Black "Schrott, Karl"]
[Result "1/2-1/2"]
[WhiteElo "1734"]
[BlackElo "1976"]
[PlyCount "66"]
[EventDate "2018.12.01"]
[SourceDate "2018.11.11"]

1. e4 c5 2. Nc3 d6 3. g3 Nc6 4. Bg2 g6 5. Nge2 Bg7 6. d3 Nf6 7. O-O O-O 8. f4
Bd7 9. a3 Rb8 10. Kh1 Qc8 11. Ng1 b5 12. Nf3 Bh3 13. Qe2 Bxg2+ 14. Kxg2 Qb7 15.
Nd1 e6 16. Be3 Nd7 17. Qf2 b4 18. axb4 Qxb4 19. c3 Qb5 20. Qe2 Rb7 21. Nd2 Na5
22. Bg1 Nb3 23. Nxb3 Qxb3 24. Qf3 Qb5 25. Rf2 Qc6 26. Ne3 Nb6 27. Rd2 Ra8 28.
Rad1 a5 29. g4 d5 30. e5 Na4 31. c4 Rd8 32. cxd5 exd5 33. Nc4 Rb5 1/2-1/2

[Event "50smm A Klausen-Brixen/Milland"]
[Site "?"]
[Date "2018.12.01"]
[Round "3.6"]
[White "Schrott, Ernst"]
[Black "Kofler, Oswald"]
[Result "1/2-1/2"]
[WhiteElo "1883"]
[BlackElo "1833"]
[PlyCount "72"]
[EventDate "2018.12.01"]
[SourceDate "2018.11.11"]

1. e4 e5 2. d4 d6 3. Nf3 Nd7 4. Bc4 Be7 5. dxe5 Nxe5 6. Nxe5 dxe5 7. Qh5 g6 8.
Qxe5 Nf6 9. Bh6 Qd6 10. Qxd6 cxd6 11. f3 Bd7 12. Nc3 Rc8 13. Bb3 Rg8 14. Be3 b6
15. O-O-O Bc6 16. g4 h5 17. g5 Nd7 18. f4 Nc5 19. Bd5 Bxd5 20. Rxd5 a6 21. Rg1
b5 22. a3 Nb7 23. f5 Bd8 24. f6 Ba5 25. Bd4 Kd7 26. Rd1 Kc6 27. b4 Bc7 28. e5
Rge8 29. exd6 Bxd6 30. Kb2 Bxh2 31. Bc5 Re5 32. Be7 Bf4 33. Rxe5 Bxe5 34. Kb3
Rc7 35. Ne4 Rd7 36. Re1 Rd5 1/2-1/2